แสดงรายละเอียดบรรณานุกรม
  กลับหน้าหลัก

Brief Record : Get Marc (ISO 2709) : E-mail record : QR code ปิดหน้าต่าง
E-books : เกี่ยวกับ Collections
LEADER 00000nam 2200000uu 4500
001    213599
003     ULIBM
008    230718s||||||||th 000 0 tha d
020    ^a9780323810296
041    ^aeng
060 04 ^aWY160^bM882f 2023
100 1  ^aMorrison-Valfre, Michelle
245 10 ^aFoundations of mental health care /^cMichelle Morrison-Valfre
250    ^a8th ed.
260    ^aSt. Louis, Mo. :^bElsevier,^cc2023
300    ^axviii, 437 p. :^bill. ;^c28 cm.
504    ^aIncludes bibliographical references and index
650  2 ^aMental Disorders^xnursing
650  2 ^aMental Disorders^xtherapy
650  2 ^aMental Health Services
650  2 ^aPsychiatric Nursing^xmethods
999    ^aใช้งานได้ทุกระบบ
รายการนี้ยังไม่มีแท็ก
คุณยังไม่ได้ล็อกอิน คุณสามารถมีกิจกรรมร่วมกับเว็บไซต์ได้ แต่ต้องล็อกอินก่อน ::
  ล็อกอิน
ลำดับที่ ประเภท เลขเรียก สถานที่ สถานะ
1. การพยาบาล (ตำราหลัก)
การพยาบาล (ตำราหลัก)
WY160 M882f 2023 c.1 
  
การพยาบาลจิตเวชและสุขภาพจิต On Shelf
  ขอยืม
Note:จัดซื้อปีงบประมาณ 2566
   [แสดง 1/1 รายการ]

รายการใกล้เคียง
    หัวเรื่อง [Mental Disorders nursing]
    หัวเรื่อง [Mental Health Services]
    หัวเรื่อง [Psychiatric Nursing methods]

BibComment


ยังไม่เคยถูกคอมเมนท์

คอมเมนท์ทรัพยากรรายการนี้
  คอมเมนท์: Foundations of m..
Bib 213599

 
 
 

 Union Library Management : ULibM
Copyright 2026. All Rights Reserved.
скачать бесплатно без регистрации порно красивый секс HD Sex Hindi sex

xxx gou

xxxx

bfxxx

xxxwww

Секса Видео

xxxx

Секса Видео

detube

geilexxx

C99 Shell

worms shell

blod xxx video
Ebony Coed Rihanna Rimes Takes A Dick In Her Young Twat priyaa indian fuck anal and pusssy hardcore indian women xxx desi hardcore fucking part 1 bengalixxxcouple